| 000 | 004730000a22001810004500 | ||
|---|---|---|---|
| 003 | MACL | ||
| 005 | 20150801132952.0 | ||
| 008 | 150801b xxu||||| |||| 00| 0 eng d | ||
| 040 |
_aMACL _cMACL |
||
| 041 | _aEnglish | ||
| 082 | _a363/CHA | ||
| 100 |
_aChaudhuri, Dr. Tushar Kanti _94068 |
||
| 245 | _aDemoraphic Trends in Assam 1921-71 | ||
| 260 |
_bB, R, Publishing Corporation _c1982 _aDelhi |
||
| 350 | _a150 | ||
| 650 |
_aSocial Problems _94069 |
||
| 942 |
_cBK _k363 _2ddc |
||
| 999 |
_c6832 _d6832 |
||